Ultrahigh- and high-speed photography and image-based motion measurement : 28-30 July 1997, San Diego, California /

Bibliographic Details
Corporate Author: Society of Photo-optical Instrumentation Engineers
Other Authors: Davidhazy, Andrew
Format: Book
Language:English
Published: Bellingham, Wash., USA : SPIE, [1997]
Series:Proceedings of SPIE--the International Society for Optical Engineering ; v. 3173.
Subjects:

MARC

Tag First Indicator Second Indicator Subfields
LEADER 00000cam a2200000 a 4500
001 in00001403214
005 20151020054222.0
008 980121s1997 wau 101 0 eng d
020 |a 0819425958 
035 |a (OCoLC)38237764 
035 |9 AHN0762AM 
040 |a CUS  |c CUS  |d TXA  |d UtOrBLW 
049 |a TXAM 
090 |a TR593  |b .U46 1997 
245 0 0 |a Ultrahigh- and high-speed photography and image-based motion measurement :  |b 28-30 July 1997, San Diego, California /  |c Andrew Davidhazy [and others], chairs/editors ; sponsored ... by SPIE--the International Society for Optical Engineering. 
246 3 0 |a Image-based motion measurement 
264 1 |a Bellingham, Wash., USA :  |b SPIE,  |c [1997] 
264 4 |c ©1997 
300 |a ix, 516 pages :  |b illustrations ;  |c 28 cm. 
336 |a text  |b txt  |2 rdacontent 
337 |a unmediated  |b n  |2 rdamedia 
338 |a volume  |b nc  |2 rdacarrier 
490 1 |a Proceedings / SPIE--the international society for optical engineering ;  |v v. 3173 
504 |a Includes bibliographical references and index. 
650 0 |a Photography, High-speed  |x Congresses. 
650 0 |a Photography, High-speed  |x Equipment and supplies  |x Congresses. 
650 0 |a Locomotion  |x Measurement  |x Congresses. 
650 0 |a Holographic interferometry  |v Congresses. 
700 1 |a Davidhazy, Andrew. 
710 2 |a Society of Photo-optical Instrumentation Engineers. 
830 0 |a Proceedings of SPIE--the International Society for Optical Engineering ;  |v v. 3173. 
999 |a MARS 
999 f f |s 9fd2dd53-ba0c-3d41-8c39-bbd3c12d1daa  |i 7c53d1aa-901c-3c90-90ed-64e8a1f32756  |t 0 
952 f f |p ric  |a Texas A&M University  |b Rellis Campus  |c Joint Library Facility  |d Remote Storage  |t 0  |e TR593 .U46 1997  |h Library of Congress classification  |i unmediated -- volume  |m A14822132553 
998 f f |a TR593 .U46 1997  |t 0  |l Remote Storage